000 01401cam a22003734a 4500
003 OSt
005 20240530110416.0
008 070228s2005 ua abj f 000 0ceng
020 _a9776163203
040 _aEG-CaGPL
_cEG-CaGPL
041 1 _aeng
_hfre
042 _alcode
043 _af-ua---
082 0 4 _221
_a962.1
_bCC/M Z
245 0 4 _aThe Zoghebs :
_ban Alexandrian saga /
_cedited by Mohamed Awad and Sahar Hamouda.
260 _a[Alexandria] :
_bBibliotheca Alexandrina,
_c2005.
300 _a129 p. :
_bill., map, geneal. tables ;
_c22 cm.
490 0 _aAlexandria and Mediterranean Research Center monographs ;
_v2
505 0 _aAlexandria memories / Patrice de Zogheb -- The Zogheb saga / Janie Sinano Horwitz -- From Abukir to Alamein / Christian Ayoub Sinano.
546 _aIn English; The Zogheb saga translated from French.
600 3 0 _aDe Zogheb family.
600 3 0 _aAyoub Sinano family.
651 0 _aAlexandria (Egypt)
_xHistory
_y19th century.
651 0 _aAlexandria (Egypt)
_xHistory
_y20th century.
700 1 _aAwad, Mohamed.
700 1 _aḤammūdah, Saḥar.
700 1 2 _aDe Zogheb, Patrice.
_tAlexandria memories.
700 1 2 _aHorwitz, Janie Sinano.
_tSaga Zogheb.
_lEnglish
700 1 2 _aAyoub Sinano, C.
_tFrom Abukir to Alamein.
740 0 2 _aAlexandria memories.
740 0 2 _aZogheb saga.
740 0 2 _aFrom Abukir to Alamein.
942 _2ddc
_cBK
999 _c60559
_d60559